Latin and Greek Roots - Statistics

General Stats
  • This quiz has been taken 32 times
  • The average score is 43 of 90
Answer Stats
HINT ANSWER % Correct
auto- self
100%
diplo- double
93%
mega- great
93%
arachno- spider
93%
bi- two
93%
anti- against
87%
aero- air
87%
anthro- human
87%
macro- large
87%
brachy- short
87%
derma-/dermo- skin
87%
hydro- water
87%
iso- equal
80%
neuro- nerve
80%
neo- new
80%
mono- one
80%
homo- same
80%
micro- small
80%
-ella/-ellus small
80%
chrono- time
80%
zoo- animal
73%
ambi- both
73%
amphi- both sides
73%
hetero- different
73%
geo- earth
73%
carni- flesh
73%
andro- male
73%
tri- three
73%
cyano- blue
67%
osteo- bone
67%
penta- five
67%
hemi- half
67%
endo- inside
67%
photo- light
67%
odont-/odonto- tooth
67%
hypo- below
60%
agri- field
60%
chloro- green
60%
thermo- heat
60%
saur-/sauro- lizard
60%
hyper- above
53%
pseudo- false
53%
crypto- hidden
53%
poly- many
53%
gastro- stomach
53%
-ops face
47%
meso- middle
47%
ecto- outside
47%
archaeo- ancient
40%
-phagus eater
40%
phago- eating
40%
ichthyo- fish
40%
pod-/podo- foot
40%
cephalo- head
40%
phyto- plant
40%
toxo- poison
40%
phono- sound
40%
tachy- fast
33%
brady- slow
33%
platy- flat
27%
myco- fungus
27%
rhino- nose
27%
erythro- red
27%
ptero- wing
27%
-ptera winged
27%
peri- around
20%
para- beside
20%
philo- loving
20%
dino- terrible
20%
eu- true
20%
somato- body
13%
gyro- circle
13%
lepto- slender
13%
-maculatus spotted
13%
uro- tail
13%
glosso- tongue
13%
xantho- yellow
13%
-stris dwelling in
7%
gnatho- jaw
7%
-phyllus leaf
7%
myo- muscle
7%
steno- narrow
7%
-ensis originating in
7%
-oides resembling
7%
-formis shaped like
7%
ortho- straight
7%
-vittatus striped
7%
xero- dry
0%
proto- first
0%
pachy- thick
0%
No matching quizzes found
Score Distribution
Percent of People with Each Score
Percentile by Number Answered
Your Score History
You have not taken this quiz